Most Popular Panic! At The Disco Songs - Statistics

General Stats
  • This quiz has been taken 557 times
  • The average score is 7 of 10
Answer Stats
Top 100 Rank Song Album % Correct
7 I Write Sins Not Tragedies A Fever You Can't Sweat Out
91%
92 Death of a Bachelor Death of a Bachelor
89%
87 This is Gospel Too Weird To Live, Too Rare To Die!
78%
51 Nine In The Afternoon Pretty Odd
76%
89 Victorious Death of a Bachelor
67%
68 Miss Jackson Too Weird To Live, Too Rare To Die!
66%
89 The Ballad of Mona Lisa Vices and Virtues
64%
68 Emperor's New Clothes Death of a Bachelor
59%
40 Hallelujah Death of a Bachelor
55%
77 The Only Difference Between Matrydom and Suicide is Press Coverage A Fever You Can't Sweat Out
21%
No matching quizzes found
Score Distribution
Percent of People with Each Score
Percentile by Number Answered
Your Score History
You have not taken this quiz